Movies Quiz

Random Movies or Star Wars Quiz

Star Wars R2D2 'Beeps' Return of the Jedi Quiz Stats

 Plays Quiz not verified by Sporcle

Challenge
Share
Tweet
Score 0/16 Timer 10:00
0 Plays Today
% Correct
C3PO: 'We bring a message to your master, Jabba the Hutt.'
100%
C3PO: 'Of course I'm worried. And you should be, too. Lando Calrissian and poor Chewbacca never returned from this awful place.'
97%
R2D2: '[Beeps]'
97%
C3PO: 'Oh, I'm terribly sor... R2! What are you doing here?'
93.9%
R2D2: '[Beeps]'
93.9%
C3PO: 'But should any of you wish to beg for mercy, the great Jabba the Hutt will now listen to your pleas.'
93.9%
C3PO: 'They're going to execute Master Luke and, if we're not careful, us too!'
90.9%
Leia: 'R2, where are you? We need you at the bunker right away.'
90.9%
% Correct
C3PO: 'Your Royal Highness.'
87.9%
C3PO: 'R2, don't leave me! Ohhh!'
87.9%
Han: 'Come on! Come on!'
84.8%
C3PO: 'My goodness! R2, why did you have to be so brave?'
84.8%
R2D2: '[Beeps happily]'
84.8%
Luke: 'Hi, Han... Chewie.'
81.8%
R2D2: '[Beeps excitedly]'
81.8%
R2D2: '[Beeps]'
75.8%

You're not logged in!

Compare scores with friends on all Sporcle quizzes.
OR
Log In

You Might Also Like...

Show Comments

Extras

Created Feb 27, 2017ReportNominate
Tags:Star Wars Quiz

Top Quizzes Today


Score Distribution

Your Account Isn't Verified!

In order to create a playlist on Sporcle, you need to verify the email address you used during registration. Go to your Sporcle Settings to finish the process.

Report this User

Report this user for behavior that violates our Community Guidelines.

Details: